000 00643cab a2200205 4500
001 X3395
008 090401t1996 xxu||||| |||| 00| 0 eng d
035 _a(Sirsi) u30198
041 _aeng
245 4 _aThe independent CASLE
260 _c1996
350 _a0
490 _aCSM (Chartered Surveyor Monthly)
_v5(6) March 1996, 29(1)
520 _aSummarises the content of the first general assembly of CASLE since it became independent of the RICS.
650 _aCOMMONWEALTH ASSOCIATION OF SURVEYING AND LAND ECONOMY
650 _aUNIVERSITY OF THE WEST OF ENGLAND
690 _aLAND SURVEYING
942 _n0
948 _c04/03/1997
999 _c20347
_d20347